Principles of public relations /
محفوظ في:
| المؤلف الرئيسي: | |
|---|---|
| التنسيق: | كتاب |
| منشور في: |
New Delhi :
Mcgraw -hill
c2009.
|
| الموضوعات: | |
| الوسوم: |
إضافة وسم
لا توجد وسوم, كن أول من يضع وسما على هذه التسجيلة!
|
MARC
| LEADER | 00000nam a2200000 4500 | ||
|---|---|---|---|
| 020 | |a 9780390929525 |c TZS 12,000/= | ||
| 040 | |a MUL |b eng |e AACR | ||
| 082 | |a 659.2 MAT | ||
| 100 | |a Matthews Kelli | ||
| 245 | |a Principles of public relations / |c Kelli Matthews | ||
| 260 | |a New Delhi : |b Mcgraw -hill |c c2009. | ||
| 300 | |a iii ,159 p . : |b ill . ; |c 26 cm, | ||
| 500 | |a Includes index | ||
| 546 | |a eng | ||
| 650 | |a Public relations | ||
| 650 | |a Planning for public relation | ||
| 650 | |a Public opinion | ||
| 942 | |c BK | ||
| 999 | |c 6557 |d 6557 | ||